| 000 | 01613cam a22003497a 4500 | ||
|---|---|---|---|
| 999 |
_c532495 _d532495 |
||
| 001 | 13028217 | ||
| 003 | NUST | ||
| 005 | 20191122100052.0 | ||
| 008 | 021211s2004 at a b 001 0 eng d | ||
| 010 | _a 2002117171 | ||
| 020 | _a053439132X | ||
| 035 | _a(OCoLC)ocm53229239 | ||
| 038 | _amsohail | ||
| 040 |
_aUOK _cUOK _dVYM _dOCLCQ _dDLC |
||
| 042 | _alccopycat | ||
| 050 | 0 | 0 |
_aTJ145 _b.W45 2004 |
| 082 | 0 | 4 |
_a621 _221 |
| 100 | 1 |
_aWickert, Jonathan A. _q(Jonathan Adam) _926042 |
|
| 245 | 1 | 3 |
_aAn introduction to mechanical engineering / _cJonathan Wickert. |
| 260 |
_aSouthbank, Vic. ; _aBelmont, CA : _bThomson Brooks/Cole, _cc2004. |
||
| 300 |
_axxi, 313 p. : _bill. ; _c25 cm. |
||
| 504 | _aIncludes bibliographical references and index. | ||
| 505 | 0 | _aThe mechanical engineering profession -- Problem solving skills -- Machine components and tools -- Forces in structures and fluids -- Materials and stresses -- Thermal and energy systems -- Motion of machinery -- Mechanical design. | |
| 650 | 0 |
_aMechanical engineering. _926043 |
|
| 856 | 4 | 1 |
_3Table of contents only _uhttp://www.loc.gov/catdir/toc/fy0611/2002117171.html |
| 856 | 4 | 2 |
_3Contributor biographical information _uhttp://www.loc.gov/catdir/enhancements/fy1103/2002117171-b.html |
| 856 | 4 | 2 |
_3Publisher description _uhttp://www.loc.gov/catdir/enhancements/fy1103/2002117171-d.html |
| 906 |
_a7 _bcbc _ccopycat _d3 _eepcn _f20 _gy-gencatlg |
||
| 942 |
_2ddc _cBK |
||